The complete writings of Thomas Paine = Las obras completas de Thomas Paine /
Salvato in:
| Autore principale: | |
|---|---|
| Natura: | Sconosciuto |
| Lingua: | English |
| Pubblicazione: |
New York :
Citadel Press,
1945.
|
| Soggetti: | |
| Tags: |
Aggiungi Tag
Nessun Tag, puoi essere il primo ad aggiungerne!!
|
MARC
| LEADER | 000000000a22000000004500 | ||
|---|---|---|---|
| 001 | 013705 | ||
| 041 | 0 | |a eng | |
| 082 | 0 | 4 | |a 308.1 |b P147p |
| 100 | 1 | |a Paine, Thomas, |d 1737-1809. | |
| 245 | 1 | 4 | |a The complete writings of Thomas Paine = |b Las obras completas de Thomas Paine / |c Thomas Paine. |
| 246 | 3 | 1 | |a Las obras completas de Thomas Paine |
| 260 | 1 | |a New York : |b Citadel Press, |c 1945. | |
| 650 | 4 | |a PAINE, THOMAS, 1737-1809. | |
| 500 | |a Colección George Yúdice | ||
| 999 | |c 19620 |d 19620 | ||
| 942 | |c BK |h 308.1 P147p |2 z | ||
